000
00304nam a2200121Ia 4500
008
230303s9999 xx 000 0 und d
041
_a
eng
082
_a
515 WYL
100
_a
WYLIE (C. Ray)/ BARREETT (Louise)
245
_a
Advanced Engineering Mathematics.
260
_a
New Delhi
_b
TMH
365
_c
RS
999
_c
173713
_d
173713